000 00450nam a22001457a 4500
008 170308b xxu||||| |||| 00| 0 eng d
020 _a9780619019389
050 _aTK5105.875
_b.I57 S38 2000
245 _aThe Internet:
_bNew Perspective Series
_cJames T Perry, Gary P Schneider
250 _a2nd
260 _aAustralia
_bThomson learning
_c2000
300 _axiv,[various pagings]
_c25cm
500 _aincludes glossary and index
942 _2lcc
_cBK
999 _c49194
_d49194